000 00496nam a22001817a 4500
005 20251108173507.0
008 250721s1996 xx 000 0 eng d
020 _a789203014
082 1 4 _aJ/F/LAN
100 1 _aLanglois, Florence
245 1 4 _aThe Extraordinary Gift /
264 1 _aNew York :
_bAbbeville Publishing Group,
_c1996.
300 _a24p:ill
650 1 7 _aFICTION
653 _aاطفال مرحله متوسطه ( 6 - 9 سنوات )
942 _2ddc
_cBK
999 _c105232
_d105232